|
|
|
|
| LEADER |
00000naa2a2200000 4500 |
| 001 |
422111 |
| 005 |
20240115091552.0 |
| 035 |
|
|
|a (RuTPU)RU\TPU\prd\79940
|
| 035 |
|
|
|a RU\TPU\tpu\12428
|
| 090 |
|
|
|a 422111
|
| 100 |
|
|
|a 20100408a1987 k y0rusy50 ca
|
| 101 |
0 |
|
|a rus
|
| 102 |
|
|
|a RU
|
| 200 |
1 |
|
|a Кинетика роста трещины при облучении кристалла KCl наносекундным электронным пучком
|f В. П. Суржиков, С. Б. Матлис, В. Ю. Яковлев
|
| 461 |
|
0 |
|0 (RuTPU)RU\TPU\prd\409
|x 0367-3294
|t Физика твердого тела
|f Академия наук СССР
|d 1959-
|
| 463 |
|
0 |
|0 (RuTPU)RU\TPU\prd\79937
|t Т. 29, № 1
|v с. 64-67
|d 1987
|
| 610 |
1 |
|
|a трещины
|
| 610 |
1 |
|
|a кинетика роста
|
| 610 |
1 |
|
|a кристаллы
|
| 610 |
1 |
|
|a облучение
|
| 610 |
1 |
|
|a наносекундные электронные пучки
|
| 610 |
1 |
|
|a труды учёных ТПУ
|
| 700 |
|
1 |
|a Суржиков
|b В. П.
|c специалист в области неразрушающего контроля
|c старший научный сотрудник Томского политехнического университета, кандидат физико-математических наук
|f 1954-
|g Владимир Петрович
|3 (RuTPU)RU\TPU\pers\28189
|
| 701 |
|
1 |
|a Матлис
|b С. Б.
|
| 701 |
|
1 |
|a Яковлев
|b В. Ю.
|c специалист в области светотехники
|c профессор Томского политехнического университета, доктор физико-математических наук
|f 1949-
|g Виктор Юрьевич
|3 (RuTPU)RU\TPU\pers\22024
|9 9321
|
| 801 |
|
1 |
|a RU
|b 63413507
|c 20050620
|g PSBO
|
| 801 |
|
2 |
|a RU
|b 63413507
|c 20170124
|g PSBO
|
| 942 |
|
|
|c BK
|